Essentials of investments in the philippine capital market workbook. (Record no. 18891)
[ view plain ]
| 000 -LEADER | |
|---|---|
| fixed length control field | 00936nam a2200301 a 4500 |
| 003 - CONTROL NUMBER IDENTIFIER | |
| control field | OSt |
| 005 - DATE AND TIME OF LATEST TRANSACTION | |
| control field | 20140310183115.0 |
| 008 - FIXED-LENGTH DATA ELEMENTS--GENERAL INFORMATION | |
| fixed length control field | 100727s19uu xx 00 eng d |
| 050 ## - LIBRARY OF CONGRESS CALL NUMBER | |
| Classification number | HG5762 |
| Item number | .N777 2005 |
| 082 ## - DEWEY DECIMAL CLASSIFICATION NUMBER | |
| -- | FIL 332.601 |
| Classification number | Es1 2005 |
| 100 ## - MAIN ENTRY--PERSONAL NAME | |
| Personal name | Nograles, Reynaldo R., editors |
| 245 ## - TITLE STATEMENT | |
| Title | Essentials of investments in the philippine capital market workbook. |
| 260 ## - PUBLICATION, DISTRIBUTION, ETC. (IMPRINT) | |
| Place of publication, distribution, etc | Las Pi�as City, Philippines : |
| Name of publisher, distributor, etc | Southville International School and Colleges Systems Publications, |
| Date of publication, distribution, etc | 2005. |
| 300 ## - PHYSICAL DESCRIPTION | |
| Extent | 184 |
| 521 ## - TARGET AUDIENCE NOTE | |
| Target audience note | |
| 526 ## - STUDY PROGRAM INFORMATION NOTE | |
| Reading level | 1210L-1700L |
| 541 ## - IMMEDIATE SOURCE OF ACQUISITION NOTE | |
| -- | 1 |
| 541 ## - IMMEDIATE SOURCE OF ACQUISITION NOTE | |
| -- | 2 |
| 541 ## - IMMEDIATE SOURCE OF ACQUISITION NOTE | |
| -- | 3 |
| 562 ## - COPY AND VERSION IDENTIFICATION NOTE | |
| Number of copies | 3 |
| 650 ## - SUBJECT ADDED ENTRY--TOPICAL TERM | |
| Topical term or geographic name as entry element | Investments - Workbook |
| 700 ## - ADDED ENTRY--PERSONAL NAME | |
| Personal name | Santos, Roderick R., editors |
| 700 ## - ADDED ENTRY--PERSONAL NAME | |
| Personal name | Mendoza, Catalino N. |
| 700 ## - ADDED ENTRY--PERSONAL NAME | |
| Personal name | Lim, Abegail P. |
| 700 ## - ADDED ENTRY--PERSONAL NAME | |
| Personal name | Araojo, Johann E. |
| 942 ## - ADDED ENTRY ELEMENTS (KOHA) | |
| Source of classification or shelving scheme | Library of Congress Classification |
| Koha item type | Books |
| Call number prefix | Filipininana |
| Withdrawn status | Lost status | Source of classification or shelving scheme | Damaged status | Home library | Current library | Shelving location | Date acquired | Source of acquisition | Total Checkouts | Full call number | Barcode | Date last seen | Copy number | Price effective from | Koha item type | Total Renewals | Date checked out |
|---|---|---|---|---|---|---|---|---|---|---|---|---|---|---|---|---|---|
| Library of Congress Classification | Archives | Archives | 04/23/2013 | Donation | HG5762 .N777 2005 | C8505 | 05/08/2018 | 1 | 04/23/2013 | Books | |||||||
| Library of Congress Classification | Archives | Archives | 04/23/2013 | Donation | HG5762 .N777 2005 | C8507 | 05/08/2018 | 2 | 04/23/2013 | Books | |||||||
| Library of Congress Classification | College Library | College Library | Filipiniana Section | 04/23/2013 | 1 | HG5762 .N777 2005 | c8506 | 06/25/2018 | 3 | 04/23/2013 | Books | 30 | 03/13/2018 |